The Movement reconsidered : (رقم التسجيلة. 19748)

تفاصيل مارك
000 -الفاتح
حقل البيانات ثابتة الطول 01499cam a2200373 a 4500
001 - رقم الضبط
رقم الضبط 15527578
003 - محدد رقم الضبط
رقم الضبط OSt
005 - وقت وتاريخ اخر تعامل مع التسجيلة
رقم الضبط 20150408113958.0
008 - عناصر البيانات ثابتة الطول - معلومات عامة
حقل البيانات ثابتة الطول 111214s2009 enka 001 0 eng
010 ## - رقم ضبط مكتبة الكونجرس
رقم ضبط مكتبة الكونجرس 2008049521
015 ## - رقم الببليوجرافية الوطنية
رقم الببليوجرافية الوطنية GBA905930
المصدر bnb
016 7# - رقم ضبط الوكاله الوطنية للضبط الببليوجرافي
رقم ضبط التسجيلة 014883302
المصدر Uk
020 ## - الرقم الدولى المعيارى للكتب
الرقم الدولى المعيارى للكتاب 9780199558254
020 ## - الرقم الدولى المعيارى للكتب
الرقم الدولى المعيارى للكتاب 0199558256
035 ## - رقم ضبط النظام
رقم ضبط النظام (OCoLC)ocn276140381
040 ## - مصدر الفهرسة
وكالة الفهرسة الأصلية DLC
وكالة النسخ DLC
وكالة التعديل BTCTA
-- YDXCP
-- BWKUK
-- BWK
-- UKM
-- CDX
-- DLC
043 ## - رمز المنطقة الجغرافية
رمز المنطقة الجغرافية e-uk---
050 00 - رقم طلب مكتبة الكونجرس
رقم التصنيف PR605.M68
رقم المادة M68 2009
082 ## - رقم تصنيف ديوى العشرى
رقم التصنيف 821.91409
رقم المادة M O R
245 04 - بيان العنوان
العنوان The Movement reconsidered :
بقية العنوان essays on Larkin, Amis, Gunn, Davie, and their contemporaries /
بيان المسئوليه,etc edited by Zachary Leader.
250 ## - بيان الطبعة
بيان الطبعة 1st ed.
260 ## - PUBLICATION, DISTRIBUTION, ETC. (IMPRINT)
مكان الناشر او الموزع Oxford ;
-- New York :
اسم الناشر او الموزع Oxford University Press,
تاريخ النشر أو التوزيع 2009.
300 ## - الوصف المادى
التعداد viii, 336 p. :
تفاصيل ماديه اخرى للوعاء ill. ;
أبعاد الوعاء 23 cm.
500 ## - تبصرة عامة
تبصرة عامة Includes index.
504 ## - تبصرة ببليوجرافية
تبصرة ببليوجرافية,الخ Includes bibliographical references and index.
650 #0 - المدخل الاضافى بالموضوع-مصطلح موضوعى
مصطلح موضوعي أو اسم جغرافي كعنصر مدخل English poetry
التقسيم الفرعي الزمني 20th century
التقسيم الفرعي العام History and criticism.
9 (RLIN) 8245
650 #0 - المدخل الاضافى بالموضوع-مصطلح موضوعى
مصطلح موضوعي أو اسم جغرافي كعنصر مدخل Movement, The (English poetry)
9 (RLIN) 8392
700 1# - المدخل الاضافى - اسم شخصى
الإسم الشخصى Leader, Zachary.
9 (RLIN) 6791
856 42 - الوصول و الموقع الالكترونى
مواد محددة Contributor biographical information
معرف المصدر الموحد <a href="http://www.loc.gov/catdir/enhancements/fy0916/2008049521-b.html">http://www.loc.gov/catdir/enhancements/fy0916/2008049521-b.html</a>
856 42 - الوصول و الموقع الالكترونى
مواد محددة Publisher description
معرف المصدر الموحد <a href="http://www.loc.gov/catdir/enhancements/fy0916/2008049521-d.html">http://www.loc.gov/catdir/enhancements/fy0916/2008049521-d.html</a>
906 ## - عنصر بيانات محلى F, LDF (RLIN)
a 7
b cbc
c orignew
d 1
e ecip
f 20
g y-gencatlg
942 ## - عناصر المدخل الإضافي( كوها)
مصدر التصنيف او مخطط الترفيف Dewey Decimal Classification
Koha [default] item type DVD
المقتنيات
حالة الفقد نموذج السعر الفعال حالة تلف ليس للاعارة رقم الطلب تاريخ الاكتساب الموقع الحالي الباركود الفرع الرئيسي Date last seen نوع المادة فى نظام كوها مصدر التصنيف او خطة الترفيف Total Checkouts
  2013-03-10     821.91409 M O R 2011-12-14 قسم الاجراءات الفنية (IC) 00100526 قسم الاجراءات الفنية (IC) 2013-03-10 كتاب Dewey Decimal Classification  
  2013-03-10     821.91409 M O R 2011-12-14 قسم الاجراءات الفنية (IC) 00100525 قسم الاجراءات الفنية (IC) 2013-03-10 كتاب Dewey Decimal Classification